000 00693cam a2200205 a 4500
001 4470013
005 20241114111523.0
008 960305s1996 txua 000 0aeng
020 _a0849912245
050 0 0 _aF155.3.C37
_bA3 1996
082 0 0 _a974.8/04
_220
100 1 _aCasey, Robert P.
_q(Robert Patrick),
_d1932-2000.
245 1 0 _aFighting for life /
_cRobert P. Casey.
260 _aDallas, Tex. :
_bWord Publishing,
_cc1996.
300 _a255 p. :
_bill. ;
_c25 cm.
650 0 _aGovernors
_zPennsylvania
_vBiography.
650 0 _aPro-life movement
_zPennsylvania.
856 4 2 _3Publisher description
_uhttp://www.loc.gov/catdir/enhancements/fy0609/96012563-d.html
942 _2lcc
_cBK
_n0
999 _c1177
_d1177